Osobitosti účtovníctva vo výrobnom a obchodnom podniku bakalárska práca

Uložené v:
Podrobná bibliografia
Hlavný autor: Griegerová, Daniela
Korporativný autor: Fakulta hospodárskej informatiky EU. Katedra účtovníctva a audítorstva
Ďalší autori: Rybka, Lukáš
Médium: Kniha
Jazyk:Slovak
Vydavateľské údaje: Bratislava 2012
Tagy: Pridať tag
Žiadne tagy, Buďte prvý, kto otaguje tento záznam!

MARC

LEADER 00000nbm a2200000 4500
001 0156317
005 20161109111952.8
041 0 |a slo 
044 |a SK 
245 1 0 |a Osobitosti účtovníctva vo výrobnom a obchodnom podniku  |b bakalárska práca  |c Daniela Griegerová ; školiteľ: Lukáš Rybka 
264 1 |a Bratislava  |c 2012 
300 |a 45 s. 
100 1 |a Griegerová, Daniela 
700 1 |a Rybka, Lukáš 
710 2 |a Fakulta hospodárskej informatiky EU. Katedra účtovníctva a audítorstva